Nâng cao hiệu quả hoạt động marketing các dịch vụ của Trung tâm Học liệu cho học viên cao học tại trường Đại học Cần Thơ : Báo cáo tổng kết đề tài khoa học và công nghệ cấp Trường
Nghiên cứu ứng dụng các biện pháp nhằm nâng cao hiệu quả hoạt động marketing các dịch vụ của Trung tâm Học liệu cho học viên cao học tại trường Đại học Cần Thơ
Uloženo v:
| Hlavní autor: | |
|---|---|
| Médium: | Kniha |
| Jazyk: | Undetermined |
| Vydáno: |
Cần Thơ
Trường Đại học Cần Thơ
2013
|
| Témata: | |
| Tagy: |
Přidat tag
Žádné tagy, Buďte první, kdo otaguje tento záznam!
|
| Thư viện lưu trữ: | Trung tâm Học liệu Trường Đại học Cần Thơ |
|---|
| LEADER | 01215nam a2200229Ia 4500 | ||
|---|---|---|---|
| 001 | CTU_203464 | ||
| 008 | 210402s9999 xx 000 0 und d | ||
| 082 | |a 027 | ||
| 082 | |b L105 | ||
| 088 | |a TSV2013-02 | ||
| 100 | |a Võ, Thị Thão Lan | ||
| 245 | 0 | |a Nâng cao hiệu quả hoạt động marketing các dịch vụ của Trung tâm Học liệu cho học viên cao học tại trường Đại học Cần Thơ : | |
| 245 | 0 | |b Báo cáo tổng kết đề tài khoa học và công nghệ cấp Trường | |
| 245 | 0 | |c Võ Thị Thão Lan, Huỳnh Ngọc Thảo Uyên (chủ nhiệm đề tài) ; Nguyễn Thị Bích Ngọc (cán bộ hướng dẫn) | |
| 260 | |a Cần Thơ | ||
| 260 | |b Trường Đại học Cần Thơ | ||
| 260 | |c 2013 | ||
| 520 | |a Nghiên cứu ứng dụng các biện pháp nhằm nâng cao hiệu quả hoạt động marketing các dịch vụ của Trung tâm Học liệu cho học viên cao học tại trường Đại học Cần Thơ | ||
| 650 | |a Libraries,Thư viện | ||
| 904 | |i Nguyên | ||
| 915 | |a XH | ||
| 980 | |a Trung tâm Học liệu Trường Đại học Cần Thơ | ||